Представление документа в формате RUSMARC

ПолеНазваниеЗначение
  Тип записи a
  Библиографический уровень m
001 Контрольный номер efffc1d8a225472a8386fe407946cea7
005 Дата корректировки 20140618134943.4
010 Индекс ISBN __
a ISBN 5-94909-183-3
200 Заглавие и сведения об ответственности 1_
a Заглавие О средствах массовой информации. Об обязательном экземпляре изданий
e Сведения, относящиеся к заглавию [Закон РФ.Постановление Правительства РФ]
210 Выходные данные 1_
a Место издания М.
c Издательство Книга сервис
d Дата издания 2003
215 Физическое описание __
a Объем 32 с.
610 Ключевые слова 0_
a Ключевые слова закон
610 Ключевые слова 0_
a Ключевые слова средства массовой информации
610 Ключевые слова 0_
a Ключевые слова обязательный экземпляр
686 Индексы других классификаций __
a Классификационный индекс 67.623-32
2 Код системы rubbk
686 Индексы других классификаций __
a Классификационный индекс 76.0
2 Код системы rubbk
686 Индексы других классификаций __
a Классификационный индекс 78.3
2 Код системы rubbk
801 Источник записи _0
a Страна RU
b Организация РУК
c Дата составления 20031110
g Правила каталогизации PSBO
801 Источник записи _1
a Страна RU
b Организация РУК
c Дата составления 20031110
g Правила каталогизации PSBO
852 Данные о местонахождении __
i Авторский знак О-11
j Шифр хранения ББК 67
901 Тип документа __
t Тип документа m
938 Служебная информация __
a Название организации Головной вуз
b Имя БД BOOK
c Название АИБС АИБС ИРБИС